000 00514nam a2200169Ia 4500
003 GCL
008 140319s9999 xx 000 0 ara d
040 _aGCL /
_cGCL
082 0 4 _a810.9
_bم د
100 1 _aمحمد زكى العشماوى
245 1 0 _aدراسات فى النقد المسرحى والادب المقارن /
_cمحمد زكى العشماوى
300 _a326 ص
490 _a100 قصة
_v0
650 0 4 _aالادب العربى
650 0 4 _aالادب المقارن
942 _2ddc
_cBK
999 _c43798
_d43798